[Event "Lesa Lago Maggiore op"]
[Site "Lesa"]
[Date "2023.05.06"]
[Round "2"]
[White "Maxion, Dirk"]
[Black "Alessi, Clio"]
[Result "1-0"]
[WhiteElo "2102"]
[BlackElo "1464"]
[PlyCount "59"]
[EventDate "2023.05.05"]
[EventType "swiss"]
[EventRounds "5"]
[EventCountry "ITA"]
[SourceTitle "EXT 2024"]
[Source "ChessBase"]
[SourceDate "2023.10.10"]
[SourceVersion "1"]
[SourceVersionDate "2023.10.10"]
[SourceQuality "1"]

1. e4 e5 2. Nf3 Nc6 3. Bb5 a6 4. Ba4 Nf6 5. 0-0 b5 6. Bb3 Bc5 7. c3 d6 8. d4 exd4 9. cxd4 Bb6 10. h3 h6 11. Re1 0-0 12. Nc3 Bb7 13. a3 Re8 14. Bf4 Na5 15. Bc2 Qd7 16. b3 Re7 17. d5 Rae8 18. Qd2 Ba8 19. Bxh6 gxh6 20. Qxh6 Nh7 21. e5 f5 22. e6 Qd8 23. Bxf5 Rg7 24. Re4 Qf6 25. Bxh7+ Kh8 26. Bg6+ Kg8 27. Bf7+ Rxf7 28. exf7+ Qxf7 29. Rg4+ Qg6 30. Qxg6+ 1-0

[Event "Rome Lazio op 15th"]
[Site "Rome"]
[Date "2022.01.06"]
[Round "6"]
[White "Brozzi, Danilo"]
[Black "Maxion, Dirk"]
[Result "1-0"]
[WhiteElo "1726"]
[BlackElo "2089"]
[PlyCount "57"]
[EventDate "2022.01.02"]
[EventType "swiss"]
[EventRounds "7"]
[EventCountry "ITA"]
[SourceTitle "EXT 2023"]
[Source "ChessBase"]
[SourceDate "2022.10.05"]
[SourceVersion "1"]
[SourceVersionDate "2022.10.05"]
[SourceQuality "1"]

1. d4 Nf6 2. c4 g6 3. Nc3 Bg7 4. e4 d6 5. Nge2 0-0 6. Ng3 c5 7. d5 e6 8. Be2 exd5 9. exd5 Re8 10. Bf4 a6 11. Qd2 Ng4 12. f3 Ne5 13. 0-0-0 b5 14. cxb5 axb5 15. Bxb5 Bd7 16. Bc6 Ra6 17. Nge4 Nbxc6 18. dxc6 Bxc6 19. Nxc5 Rb6 20. Bxe5 Rxe5 21. Nb3 Qh4 22. Qd4 Qh6+ 23. Kb1 Ra6 24. Qc4 Bb7 25. Qb4 Bc8 26. Rxd6 Bf8 27. Rd8 Bf5+ 28. Ka1 Re7 29. Qxe7 1-0

[Event "Rome Lazio op 15th"]
[Site "Rome"]
[Date "2022.01.03"]
[Round "3"]
[White "Maxion, Dirk"]
[Black "Aghayev, Miragha"]
[Result "0-1"]
[WhiteElo "2089"]
[BlackElo "2401"]
[PlyCount "92"]
[EventDate "2022.01.02"]
[EventType "swiss"]
[EventRounds "7"]
[EventCountry "ITA"]
[SourceTitle "EXT 2023"]
[Source "ChessBase"]
[SourceDate "2022.10.05"]
[SourceVersion "1"]
[SourceVersionDate "2022.10.05"]
[SourceQuality "1"]

1. e4 e5 2. Nf3 Nc6 3. Bb5 a6 4. Ba4 Nf6 5. d3 d6 6. c3 g6 7. 0-0 Bg7 8. Re1 0-0 9. Nbd2 b5 10. Bb3 Re8 11. Ng5 Rf8 12. Nf1 h6 13. Nf3 d5 14. Ng3 Re8 15. h3 Be6 16. a4 dxe4 17. dxe4 Qxd1 18. Bxd1 Nd7 19. axb5 axb5 20. Rxa8 Rxa8 21. Be2 Bc4 22. Be3 Bxe2 23. Rxe2 Ra1+ 24. Re1 Ra2 25. Rd1 Nf6 26. Rb1 Bf8 27. Nd2 Na5 28. Ne2 Nc4 29. Nxc4 bxc4 30. f3 Nd7 31. Kf1 Kg7 32. Nc1 Ra8 33. Ne2 Bc5 34. Bc1 Bb6 35. Ng3 Ra2 36. Ke1 Nc5 37. Ne2 Nd3+ 38. Kd1 Bf2 39. f4 exf4 40. Nxf4 Nxc1 41. Rxc1 Be3 42. Nd5 Bxc1 43. Kxc1 Ra1+ 44. Kd2 Rb1 45. Kc2 Re1 46. Nxc7 Re2+ 0-1

[Event "Graz op-A"]
[Site "Graz"]
[Date "2020.02.15"]
[Round "2"]
[White "Maxion, Dirk"]
[Black "Neuschmied, Siegfried"]
[Result "0-1"]
[WhiteElo "2098"]
[BlackElo "2268"]
[PlyCount "106"]
[EventDate "2020.02.14"]
[EventType "swiss"]
[EventRounds "9"]
[EventCountry "AUT"]
[SourceTitle "CBM 195 Extra"]
[Source "ChessBase"]
[SourceDate "2020.05.31"]
[SourceVersion "1"]
[SourceVersionDate "2020.05.31"]
[SourceQuality "1"]

1. e4 g6 2. d4 Bg7 3. Nf3 d6 4. Nc3 Nf6 5. Be2 0-0 6. 0-0 c6 7. Re1 Qc7 8. Bf4 Nh5 9. Bg5 h6 10. Be3 Nd7 11. Qd2 Kh7 12. Rad1 Nhf6 13. h3 b5 14. e5 b4 15. Nb5 cxb5 16. exf6 Nxf6 17. Bxb5 Bb7 18. Qe2 a5 19. Bc1 e6 20. Bd3 Qc6 21. Qe3 Ba6 22. Qf4 Bxd3 23. cxd3 Qd5 24. a3 bxa3 25. bxa3 g5 26. Qe3 Kg8 27. h4 gxh4 28. Nxh4 Rfc8 29. Nf3 Rc2 30. Qf4 Rac8 31. Be3 R2c3 32. Qh4 Qh5 33. Qg3 R3c6 34. Rb1 Qg4 35. Qh2 Qg6 36. Bf4 Bf8 37. Rb5 Ra6 38. Reb1 Nd5 39. Bd2 a4 40. Rb7 Nc3 41. Re1 Ra5 42. Qh3 Bg7 43. g3 Rh5 44. Qf1 Qg4 45. Qg2 Rf5 46. Nh4 Rd5 47. Nf3 Qf5 48. Re3 Nb5 49. Re4 Nxd4 50. Nxd4 Rxd4 51. Bxh6 Qd5 52. Bxg7 Rc1+ 53. Kh2 Qh5+ 0-1

[Event "Reykjavik op"]
[Site "Reykjavik"]
[Date "2019.04.13"]
[Round "6"]
[White "Maxion, Dirk"]
[Black "Melega, Michele"]
[Result "1-0"]
[WhiteElo "2110"]
[BlackElo "1631"]
[PlyCount "69"]
[EventDate "2019.04.08"]
[EventType "swiss"]
[EventRounds "9"]
[EventCountry "ISL"]
[SourceTitle "CBM 189 Extra"]
[Source "ChessBase"]
[SourceDate "2019.06.03"]
[SourceVersion "1"]
[SourceVersionDate "2019.06.03"]
[SourceQuality "1"]

1. e4 c5 2. Nf3 d6 3. d4 cxd4 4. Nxd4 Nf6 5. Nc3 Nc6 6. Bg5 a6 7. Qd2 e6 8. 0-0-0 Be7 9. f3 Nxd4 10. Qxd4 b5 11. h4 e5 12. Qf2 b4 13. Na4 Qa5 14. b3 Bd7 15. Be3 Qc7 16. Nb6 0-0 17. Nxa8 Rxa8 18. g4 a5 19. g5 Nh5 20. Bc4 a4 21. f4 Be6 22. Bxe6 fxe6 23. Kb1 a3 24. f5 exf5 25. exf5 Rc8 26. Rhg1 Qc3 27. Bc1 Nf4 28. Rg3 Qc6 29. Bxf4 exf4 30. Rgd3 h6 31. Rg1 hxg5 32. hxg5 d5 33. Qh2 Bd6 34. g6 Kf8 35. Re1 1-0

[Event "Reykjavik op"]
[Site "Reykjavik"]
[Date "2019.04.09"]
[Round "2"]
[White "Maxion, Dirk"]
[Black "Solaroli, Riccardo"]
[Result "1-0"]
[WhiteElo "2110"]
[BlackElo "1770"]
[PlyCount "69"]
[EventDate "2019.04.08"]
[EventType "swiss"]
[EventRounds "9"]
[EventCountry "ISL"]
[SourceTitle "CBM 189 Extra"]
[Source "ChessBase"]
[SourceDate "2019.06.03"]
[SourceVersion "1"]
[SourceVersionDate "2019.06.03"]
[SourceQuality "1"]

1. e4 Nf6 2. e5 Nd5 3. d4 d6 4. Nf3 dxe5 5. Nxe5 c6 6. Bd3 Nd7 7. Nf3 g6 8. 0-0 Bg7 9. Re1 h6 10. c4 Nb4 11. Bf1 0-0 12. Nc3 Nf6 13. Ne5 Bf5 14. a3 Nc2 15. g4 Nxg4 16. Nxg4 Nxa1 17. Nxh6+ Bxh6 18. Bxh6 Nc2 19. Re2 Re8 20. d5 cxd5 21. cxd5 Rc8 22. Re5 e6 23. Rxf5 exf5 24. Qxc2 Qh4 25. Qd2 Kh7 26. Bg5 Qg4+ 27. Bg2 Rc4 28. h3 Qd4 29. Qxd4 Rxd4 30. Be3 Rc4 31. Bf1 Rcc8 32. Bxa7 Rcd8 33. Bb6 Rd6 34. Bc5 Rf6 35. d6 1-0

[Event "Reykjavik op"]
[Site "Reykjavik"]
[Date "2018.03.10"]
[Round "5"]
[White "Sikkel, Dirk"]
[Black "Maxion, Dirk"]
[Result "1-0"]
[WhiteElo "1937"]
[BlackElo "2187"]
[PlyCount "75"]
[EventDate "2018.03.06"]
[EventType "swiss"]
[EventRounds "9"]
[EventCountry "ISL"]
[SourceTitle "CBM 183 Extra"]
[Source "ChessBase"]
[SourceDate "2018.04.19"]
[SourceVersion "1"]
[SourceVersionDate "2018.04.19"]
[SourceQuality "1"]

1. e4 c5 2. Nf3 d6 3. Bb5+ Nd7 4. 0-0 Ngf6 5. Re1 e6 6. b3 Be7 7. Bb2 0-0 8. d4 cxd4 9. Nxd4 a6 10. Bf1 Nc5 11. f3 Qc7 12. c4 b6 13. Nc3 Bb7 14. Rc1 Rfe8 15. Nc2 Rad8 16. Ne3 Qb8 17. b4 Ncd7 18. Qb3 Bf8 19. a3 g6 20. Rcd1 Bh6 21. Ne2 Qc7 22. Nc1 Ne5 23. h3 Bg5 24. Ng4 Nexg4 25. hxg4 Bh4 26. g3 Bg5 27. f4 Nxe4 28. Bg2 Nf6 29. fxg5 Nxg4 30. Bf3 Bxf3 31. Qxf3 Qxc4 32. Ne2 e5 33. Nc3 h5 34. gxh6 f5 35. Nd5 Qc8 36. Rc1 Qa8 37. Qd3 Rd7 38. Rc7 1-0

[Event "Reykjavik op"]
[Site "Reykjavik"]
[Date "2018.03.06"]
[Round "1"]
[White "Maxion, Dirk"]
[Black "Perelshteyn, Eugene"]
[Result "0-1"]
[WhiteElo "2187"]
[BlackElo "2513"]
[PlyCount "82"]
[EventDate "2018.03.06"]
[EventType "swiss"]
[EventRounds "9"]
[EventCountry "ISL"]
[SourceTitle "CBM 183 Extra"]
[Source "ChessBase"]
[SourceDate "2018.04.19"]
[SourceVersion "1"]
[SourceVersionDate "2018.04.19"]
[SourceQuality "1"]

1. e4 c5 2. Nf3 g6 3. d4 Bg7 4. d5 Nf6 5. Nc3 0-0 6. Be2 b5 7. e5 Ng4 8. Bf4 b4 9. Ne4 d6 10. exd6 exd6 11. 0-0 Nf6 12. Bg5 Re8 13. Nfd2 h6 14. Bxf6 Bxf6 15. Bb5 Rf8 16. Nc4 Be7 17. Qd2 g5 18. a3 bxa3 19. Rxa3 a6 20. Ba4 Ra7 21. Rb3 Rb7 22. h4 Rxb3 23. cxb3 f5 24. Ng3 f4 25. Ne4 gxh4 26. Kh2 Rf5 27. Re1 Rf8 28. b4 cxb4 29. Qxb4 Bf5 30. f3 Nd7 31. Qb7 Nf6 32. Nxf6+ Bxf6 33. Qxa6 Bd3 34. b3 Bd4 35. Qxd6 Qg5 36. Qe6+ Kh8 37. Qg4 Qxg4 38. fxg4 Bf2 39. Re6 Bg3+ 40. Kh3 f3 41. gxf3 Bf1# 0-1

[Event "Oberliga Nord O 1314"]
[Site "Germany"]
[Date "2014.04.06"]
[Round "9.8"]
[White "Maxion, Dirk"]
[Black "Lawrenz, Alexander"]
[Result "1-0"]
[WhiteElo "2217"]
[BlackElo "2162"]
[PlyCount "73"]
[EventDate "2013.10.13"]
[EventType "team-tourn"]
[EventRounds "9"]
[EventCountry "GER"]
[SourceTitle "EXT 2015"]
[Source "ChessBase"]
[SourceDate "2014.11.20"]
[SourceVersion "1"]
[SourceVersionDate "2014.11.20"]
[SourceQuality "1"]
[WhiteTeam "Koenig Tegel II"]
[BlackTeam "Berlin SF III"]
[WhiteTeamCountry "GER"]
[BlackTeamCountry "GER"]

1. e4 c5 2. Nf3 d6 3. d4 cxd4 4. Nxd4 Nf6 5. Nc3 g6 6. Bc4 Bg7 7. h3 Nc6 8. Be3 0-0 9. Bb3 Bd7 10. 0-0 Nxd4 11. Bxd4 a6 12. Re1 Bc6 13. Nd5 e6 14. Bb6 Qd7 15. Nxf6+ Bxf6 16. c3 d5 17. e5 Bg7 18. Qg4 Rac8 19. Rad1 Qe7 20. a4 Kh8 21. Rd2 Kg8 22. Rd4 Kh8 23. Re3 Kg8 24. Ba5 Qd7 25. Bb4 Rfd8 26. Ba3 Qc7 27. Qg5 Be8 28. Be7 Rd7 29. Bf6 h6 30. Qh4 Qa5 31. Bxg7 Kxg7 32. Qf6+ Kh7 33. Rh4 Qd8 34. Rxh6+ Kxh6 35. Qh8+ Kg5 36. Rg3+ Kf4 37. Rg4+ 1-0

[Event "Oberliga Nord O 0910"]
[Site "Germany"]
[Date "2009.11.15"]
[Round "2.8"]
[White "Maxion, Dirk"]
[Black "Koepcke, Klaus Peter"]
[Result "1-0"]
[WhiteElo "2210"]
[BlackElo "2150"]
[PlyCount "75"]
[EventDate "2009.10.18"]
[EventType "team-tourn"]
[EventRounds "9"]
[EventCountry "GER"]
[SourceTitle "EXT 2011"]
[Source "ChessBase"]
[SourceDate "2010.11.26"]
[SourceVersion "1"]
[SourceVersionDate "2010.11.26"]
[SourceQuality "1"]
[WhiteTeam "Koenig Tegel"]
[BlackTeam "Greifswald"]
[WhiteTeamCountry "GER"]
[BlackTeamCountry "GER"]

1. e4 c5 2. Nf3 d6 3. d4 cxd4 4. Nxd4 Nf6 5. Nc3 a6 6. Be2 e5 7. Nb3 Be6 8. f4 Qc7 9. a4 b6 10. 0-0 Be7 11. Kh1 0-0 12. Be3 Nbd7 13. Nd5 Nxd5 14. exd5 Bf5 15. c4 exf4 16. Bxf4 Bg6 17. Qd2 Bf6 18. Nd4 Nc5 19. Ra3 Ne4 20. Qd1 Rfe8 21. Be3 Be5 22. Bg1 Rab8 23. Rb3 Nc5 24. Rh3 Nxa4 25. Nc6 Nxb2 26. Qd2 Nxc4 27. Bxc4 Ra8 28. Bd3 b5 29. Bxg6 hxg6 30. Qg5 a5 31. Qh4 f6 32. Qh7+ Kf7 33. Rh6 g5 34. Qg6+ Kg8 35. Rh7 Qf7 36. Rh8+ Kxh8 37. Qxf7 a4 38. Rf3 1-0

[Event "Oberliga Nord O 0708"]
[Site "Germany"]
[Date "2007.12.09"]
[Round "4.7"]
[White "Maxion, Dirk"]
[Black "Glantz, Robert"]
[Result "1-0"]
[WhiteElo "2170"]
[BlackElo "2018"]
[PlyCount "97"]
[EventDate "2007.10.21"]
[EventType "team-tourn"]
[EventRounds "9"]
[EventCountry "GER"]
[SourceTitle "EXT 2009"]
[Source "ChessBase"]
[SourceDate "2008.11.26"]
[SourceVersion "1"]
[SourceVersionDate "2008.11.26"]
[SourceQuality "1"]
[WhiteTeam "Koenig Tegel II"]
[BlackTeam "Berlin SF"]
[WhiteTeamCountry "GER"]
[BlackTeamCountry "GER"]

1. e4 c5 2. Nf3 d6 3. d4 cxd4 4. Nxd4 Nf6 5. Nc3 a6 6. Be3 e6 7. f3 b5 8. g4 Bb7 9. Qd2 Nfd7 10. 0-0-0 Nb6 11. Bg5 Be7 12. Bxe7 Qxe7 13. Nb3 b4 14. Ne2 d5 15. Qd4 N8d7 16. Qxg7 0-0-0 17. Ng3 Rhg8 18. Qd4 Qg5+ 19. Kb1 Qe7 20. e5 Kb8 21. Bd3 h6 22. Rhe1 Rc8 23. Nh5 Nc4 24. Qf4 Rh8 25. Nf6 Ndb6 26. Nd2 Qc7 27. Nxc4 dxc4 28. Be4 Rhd8 29. Bxb7 Kxb7 30. Rd6 Rxd6 31. exd6 Qc6 32. Rd1 Rd8 33. Ne4 Rd7 34. Qe3 Ka8 35. Qxh6 Nd5 36. Qf8+ Kb7 37. Qe8 Kb6 38. Qh8 Qb5 39. Qd4+ Kc6 40. b3 c3 41. a4 bxa3 42. Qh8 a2+ 43. Kxa2 Qa5+ 44. Kb1 f5 45. Qc8+ Nc7 46. Nf6 Rxd6 47. Rxd6+ Kxd6 48. Qd8+ Ke5 49. Ne8 1-0

[Event "Oberliga Nord O 0506"]
[Site "Germany"]
[Date "2006.01.29"]
[Round "6.5"]
[White "Kunze, Kerstin"]
[Black "Maxion, Dirk"]
[Result "1/2-1/2"]
[WhiteElo "2170"]
[BlackElo "2169"]
[PlyCount "58"]
[EventDate "2005.10.23"]
[EventType "team-tourn"]
[EventRounds "9"]
[EventCountry "GER"]
[SourceTitle "EXT 2007"]
[Source "ChessBase"]
[SourceDate "2006.11.23"]
[SourceVersion "1"]
[SourceVersionDate "2006.11.23"]
[SourceQuality "1"]
[WhiteTeam "Cottbus"]
[BlackTeam "Koenig Tegel II"]
[WhiteTeamCountry "GER"]
[BlackTeamCountry "GER"]

1. e4 c5 2. Nf3 d6 3. d4 cxd4 4. Nxd4 Nf6 5. Nc3 e6 6. Be2 a6 7. Be3 Qc7 8. f4 b5 9. a3 Bb7 10. Bf3 Nbd7 11. 0-0 Be7 12. Qe2 0-0 13. g4 d5 14. exd5 exd5 15. Qg2 Nb6 16. g5 Ne4 17. Nxe4 dxe4 18. Bxe4 Nc4 19. Bxb7 Nxe3 20. Qc6 Qd8 21. Ne6 fxe6 22. Qxe6+ Kh8 23. Qxe3 Qc7 24. Qf3 Rab8 25. Be4 Bxg5 26. Qh5 Bh6 27. Rae1 Rxf4 28. Rxf4 Qxf4 29. Bd3 Rf8 1/2-1/2

[Event "Oberliga Nord O 0506"]
[Site "Germany"]
[Date "2005.11.27"]
[Round "3.5"]
[White "Nogly, Christoph"]
[Black "Maxion, Dirk"]
[Result "1-0"]
[WhiteElo "2274"]
[BlackElo "2169"]
[PlyCount "77"]
[EventDate "2005.10.23"]
[EventType "team-tourn"]
[EventRounds "9"]
[EventCountry "GER"]
[SourceTitle "EXT 2007"]
[Source "ChessBase"]
[SourceDate "2006.11.23"]
[SourceVersion "1"]
[SourceVersionDate "2006.11.23"]
[SourceQuality "1"]
[WhiteTeam "Berlin II"]
[BlackTeam "Koenig Tegel II"]
[WhiteTeamCountry "GER"]
[BlackTeamCountry "GER"]

1. d4 Nf6 2. c4 g6 3. Nc3 Bg7 4. e4 d6 5. Bd3 0-0 6. Nge2 c5 7. d5 e6 8. h3 exd5 9. exd5 Nbd7 10. f4 Nh5 11. g4 Qh4+ 12. Kd2 Nxf4 13. Nxf4 Qf2+ 14. Nfe2 Ne5 15. Qf1 Qh4 16. Kc2 f5 17. Qe1 Qe7 18. g5 b5 19. Nf4 bxc4 20. Bxc4 Qxg5 21. Be2 Qe7 22. Rg1 Rb8 23. b3 Rb4 24. a3 Rb8 25. Rb1 Qc7 26. Bd2 Bd7 27. Qf1 Rb6 28. Bc4 Rfb8 29. Ne6 Qb7 30. Nxg7 Kxg7 31. Bf4 Nxc4 32. Qxc4 a5 33. Rge1 Kf7 34. Bg5 Re8 35. Rxe8 Kxe8 36. Qe2+ Kf7 37. Qe7+ Kg8 38. Bh6 Bb5 39. Qf8# 1-0

[Event "Oberliga Nord O 0405"]
[Site "Germany"]
[Date "2005.01.30"]
[Round "6.3"]
[White "Wuttke, Hans"]
[Black "Maxion, Dirk"]
[Result "1-0"]
[WhiteElo "2158"]
[BlackElo "2190"]
[PlyCount "99"]
[EventDate "2004.10.24"]
[EventType "team-tourn"]
[EventRounds "9"]
[EventCountry "GER"]
[SourceTitle "EXT 2006"]
[Source "ChessBase"]
[SourceDate "2005.11.24"]
[SourceVersion "1"]
[SourceVersionDate "2005.11.24"]
[SourceQuality "1"]
[WhiteTeam "Potsdam Empor"]
[BlackTeam "Koenig Tegel II"]
[WhiteTeamCountry "GER"]
[BlackTeamCountry "GER"]

1. c4 g6 2. Nc3 Bg7 3. g3 d6 4. Bg2 Nc6 5. e4 e5 6. Nge2 Nge7 7. 0-0 Be6 8. Nd5 0-0 9. d3 Qd7 10. Bg5 f6 11. Be3 f5 12. Qd2 Rf7 13. Rae1 Raf8 14. f3 Nc8 15. b3 Nd8 16. Ndc3 f4 17. gxf4 exf4 18. Bd4 Bh6 19. Nd1 Bh3 20. Nf2 Bxg2 21. Kxg2 Bg5 22. Bc3 h5 23. Kh1 Bh4 24. Nc1 Ne6 25. d4 Ng5 26. Qe2 c6 27. Ncd3 Re8 28. Rc1 Ne7 29. Qd1 Nh3 30. Nxh3 Qxh3 31. Nf2 Bxf2 32. Rxf2 d5 33. cxd5 cxd5 34. Qd3 Rc8 35. Bd2 Rxc1+ 36. Bxc1 Qh4 37. Rg2 Rf6 38. Ba3 dxe4 39. Qxe4 Nf5 40. Qe8+ Kh7 41. d5 Qh3 42. Qd7+ Kh6 43. Qd8 Ng3+ 44. Kg1 Qf5 45. Qh8+ Kg5 46. hxg3 fxg3 47. Rxg3+ Kh4 48. Qb8 Qb1+ 49. Kh2 Qf1 50. Qe5 1-0

[Event "Oberliga Nord O 0203"]
[Site "Germany"]
[Date "2003.03.09"]
[Round "8.1"]
[White "Maxion, Dirk"]
[Black "Rosenthal, Dirk"]
[Result "0-1"]
[WhiteElo "2193"]
[BlackElo "2380"]
[PlyCount "66"]
[EventDate "2002.10.20"]
[EventType "team"]
[EventRounds "9"]
[EventCountry "GER"]
[SourceTitle "EXT 2009"]
[Source "ChessBase"]
[SourceDate "2008.11.26"]
[SourceVersion "1"]
[SourceVersionDate "2008.11.26"]
[SourceQuality "1"]
[WhiteTeam "Koenig Tegel"]
[BlackTeam "Oberschoeneweide"]
[WhiteTeamCountry "GER"]
[BlackTeamCountry "GER"]

1. e4 e6 2. d4 d5 3. Nd2 Nf6 4. e5 Nfd7 5. c3 c5 6. Bd3 Nc6 7. Ne2 cxd4 8. cxd4 f6 9. exf6 Nxf6 10. Nf3 Bd6 11. 0-0 Qc7 12. Bg5 0-0 13. Nc3 a6 14. Bh4 Bd7 15. Re1 Rae8 16. Rc1 Bc8 17. Na4 g6 18. Bg5 Ng4 19. h3 Bh2+ 20. Kf1 Nxf2 21. Kxf2 Qg3+ 22. Kf1 Qxg5 23. Bxa6 bxa6 24. Rxc6 Bd7 25. Rb6 Bb5+ 26. Rxb5 axb5 27. Nc5 Bg3 28. Re2 Qf5 29. Qd3 e5 30. dxe5 Rxe5 31. Qxf5 Rfxf5 32. Ne6 Re4 33. Ned4 Rxd4 0-1

[Event "Oberliga Nord O 0203"]
[Site "Germany"]
[Date "2003.02.09"]
[Round "6.1"]
[White "Lagunow, Alexander"]
[Black "Maxion, Dirk"]
[Result "1-0"]
[WhiteElo "2424"]
[BlackElo "2193"]
[PlyCount "87"]
[EventDate "2002.10.20"]
[EventType "team"]
[EventRounds "9"]
[EventCountry "GER"]
[SourceTitle "EXT 2009"]
[Source "ChessBase"]
[SourceDate "2008.11.26"]
[SourceVersion "1"]
[SourceVersionDate "2008.11.26"]
[SourceQuality "1"]
[WhiteTeam "Kreuzberg"]
[BlackTeam "Koenig Tegel"]
[WhiteTeamCountry "GER"]
[BlackTeamCountry "GER"]

1. Nf3 g6 2. e4 d6 3. d4 Nf6 4. Bd3 Bg7 5. c3 0-0 6. 0-0 Nc6 7. Nbd2 e5 8. dxe5 Nxe5 9. Nxe5 dxe5 10. Nc4 Qe7 11. Qe2 Nh5 12. Re1 Be6 13. g3 Rad8 14. b4 Qf6 15. Bc2 Rfe8 16. a4 Bf8 17. a5 c6 18. Be3 Nf4 19. gxf4 exf4 20. Bd4 Rxd4 21. cxd4 f3 22. Qe3 Bxc4 23. e5 Qh4 24. Qxf3 Bxb4 25. Re4 Qg5+ 26. Rg4 Qd8 27. Bb3 Bxb3 28. Qxb3 Qd7 29. h3 c5 30. Rf4 Bd2 31. Rf6 Bg5 32. Rd6 Qc7 33. Qd5 Qc8 34. e6 f5 35. dxc5 Be7 36. Rd7 Bxc5 37. Re1 b6 38. Qe5 Be7 39. Rxa7 bxa5 40. Qxa5 Bc5 41. Rc7 Qd8 42. Qxc5 Qg5+ 43. Kh1 Qf4 44. Qc3 1-0

[Event "Oberliga Nord O 0102"]
[Site "Germany"]
[Date "2002.02.03"]
[Round "5.6"]
[White "Maxion, Dirk"]
[Black "Held, Peter"]
[Result "1-0"]
[WhiteElo "2235"]
[BlackElo "2155"]
[PlyCount "57"]
[EventDate "2001.10.07"]
[EventType "team"]
[EventRounds "9"]
[EventCountry "GER"]
[SourceTitle "EXT 2002"]
[Source "ChessBase"]
[SourceDate "2001.11.25"]
[SourceVersion "1"]
[SourceVersionDate "2001.11.25"]
[SourceQuality "1"]
[WhiteTeam "Koenig Tegel II"]
[BlackTeam "Neukoelln II"]
[WhiteTeamCountry "GER"]
[BlackTeamCountry "GER"]

1. e4 c6 2. d4 d5 3. Nc3 dxe4 4. Nxe4 Bf5 5. Ng3 Bg6 6. Nf3 Nd7 7. h4 h6 8. h5 Bh7 9. Bd3 Bxd3 10. Qxd3 Qc7 11. Bd2 e6 12. 0-0-0 Ngf6 13. Qe2 c5 14. Kb1 Be7 15. Bc1 0-0 16. d5 exd5 17. Nf5 Bd6 18. N3h4 Rfe8 19. Qf3 Ne5 20. Nxh6+ Kf8 21. Qf5 Qd7 22. Qxd7 Nexd7 23. N6f5 Bc7 24. h6 gxh6 25. Bxh6+ Kg8 26. Nf3 Ng4 27. Rxd5 Rad8 28. Ne7+ Kh7 29. Bf8+ 1-0

[Event "BL2-Nord 0001"]
[Site "Germany"]
[Date "2001.04.01"]
[Round "8.5"]
[White "Dornieden, Manfred"]
[Black "Maxion, Dirk"]
[Result "1/2-1/2"]
[WhiteElo "2247"]
[BlackElo "2225"]
[PlyCount "62"]
[EventDate "2000.10.15"]
[EventType "team-tourn"]
[EventRounds "9"]
[EventCountry "GER"]
[SourceTitle "CBM 082 Extra"]
[Source "ChessBase"]
[SourceDate "2001.07.03"]
[SourceVersion "1"]
[SourceVersionDate "2001.07.03"]
[SourceQuality "1"]
[WhiteTeam "Delmenhorst"]
[BlackTeam "Koenig Tegel II"]
[WhiteTeamCountry "GER"]
[BlackTeamCountry "GER"]

1. c4 g6 2. g3 Bg7 3. Bg2 d6 4. Nf3 e5 5. Nc3 Nc6 6. 0-0 f5 7. d3 h6 8. Rb1 Nf6 9. b4 a6 10. a4 0-0 11. b5 axb5 12. axb5 Ne7 13. c5 Be6 14. cxd6 cxd6 15. Bb2 Ned5 16. Nxd5 Nxd5 17. Nd2 Ra5 18. Nc4 Rxb5 19. Qa4 Rc5 20. Bxd5 Rxd5 21. Qb3 Qe7 22. Qb6 Ra8 23. Ba3 Ra6 24. Qxb7 Qxb7 25. Rxb7 e4 26. Bb2 Bxb2 27. Nxb2 Rc5 28. Re7 Bf7 29. Nc4 Kf8 30. Rd7 Be6 31. Rh7 Bg8 1/2-1/2

[Event "BL2-Nord 0001"]
[Site "Germany"]
[Date "2001.01.28"]
[Round "5.5"]
[White "Maxion, Dirk"]
[Black "Jasnikowski, Zbigniew"]
[Result "1/2-1/2"]
[WhiteElo "2225"]
[BlackElo "2451"]
[PlyCount "115"]
[EventDate "2000.10.15"]
[EventType "team-tourn"]
[EventRounds "9"]
[EventCountry "GER"]
[SourceTitle "CBM 082 Extra"]
[Source "ChessBase"]
[SourceDate "2001.07.03"]
[SourceVersion "1"]
[SourceVersionDate "2001.07.03"]
[SourceQuality "1"]
[WhiteTeam "Koenig Tegel II"]
[BlackTeam "Neukloster"]
[WhiteTeamCountry "GER"]
[BlackTeamCountry "GER"]

1. e4 c6 2. d4 d5 3. Nc3 g6 4. h3 Bg7 5. Nf3 Nh6 6. Bf4 f6 7. Qd2 Nf7 8. e5 0-0 9. 0-0-0 Na6 10. Bxa6 bxa6 11. Na4 g5 12. Bh2 Bf5 13. Qc3 fxe5 14. Nxe5 Nxe5 15. dxe5 c5 16. f3 e6 17. Nxc5 Rc8 18. Rhe1 Rc6 19. Bg1 Qb8 20. Qb3 Qc7 21. Qe3 Rc8 22. b4 a5 23. a3 axb4 24. axb4 a5 25. c3 axb4 26. cxb4 Qb8 27. Qc3 Rb6 28. Rd4 Bxe5 29. Rxe5 Qxe5 30. Kd2 Qg3 31. Qe3 Qxg2+ 32. Ke1 Ra8 33. Nb3 h6 34. Rd2 d4 35. Qxd4 Qxf3 36. Qxb6 Qxb3 37. Rd8+ Rxd8 38. Qxd8+ Kf7 39. Qd7+ Kf6 40. Bd4+ e5 41. Qd6+ Qe6 42. Bxe5+ Kg6 43. b5 Qxd6 44. Bxd6 Bxh3 45. Kf2 Bc8 46. Kg3 Kf5 47. b6 h5 48. Be7 h4+ 49. Kh2 Kg4 50. Bd8 Bb7 51. Be7 Kh5 52. Bd8 g4 53. Bc7 Kg6 54. Bd8 g3+ 55. Kh3 Bc8+ 56. Kxh4 g2 57. b7 Bxb7 58. Bb6 1/2-1/2

[Event "Oberliga Nord O 9798"]
[Site "Germany"]
[Date "1998.??.??"]
[Round "?"]
[White "Guth, Thomas"]
[Black "Maxion, Dirk"]
[Result "1-0"]
[WhiteElo "2200"]
[BlackElo "2255"]
[PlyCount "61"]
[EventDate "1997.10.??"]
[EventType "team"]
[EventRounds "9"]
[EventCountry "GER"]
[SourceTitle "EXT 1999"]
[Source "ChessBase"]
[SourceDate "1998.11.16"]
[SourceVersion "1"]
[SourceVersionDate "1998.11.16"]
[SourceQuality "1"]

1. e4 c5 2. Nc3 Nc6 3. Nge2 e6 4. d4 cxd4 5. Nxd4 Qc7 6. a3 a6 7. Be3 Nf6 8. Be2 Be7 9. 0-0 0-0 10. Nb3 d6 11. f4 b5 12. Bf3 Bb7 13. Qe2 Rfe8 14. Qf2 Rac8 15. Rad1 b4 16. axb4 Nxb4 17. Rd2 d5 18. e5 Ne4 19. Bxe4 dxe4 20. Qg3 Red8 21. Rdf2 Nd5 22. Nxd5 Bxd5 23. f5 exf5 24. Nd4 Be6 25. Nxf5 Bxf5 26. Rxf5 Rf8 27. c3 Rb8 28. Rxf7 g6 29. Bd4 Qc4 30. e6 Bc5 31. Qe5 1-0

[Event "Oberliga Nord O 9899"]
[Site "Germany"]
[Date "1998.??.??"]
[Round "?"]
[White "Maxion, Dirk"]
[Black "Barna, Andre"]
[Result "1/2-1/2"]
[WhiteElo "2245"]
[BlackElo "2145"]
[PlyCount "32"]
[EventDate "1998.10.??"]
[EventType "team"]
[EventRounds "9"]
[EventCountry "GER"]
[SourceTitle "EXT 2000"]
[Source "ChessBase"]
[SourceDate "1999.11.16"]
[SourceVersion "1"]
[SourceVersionDate "1999.11.16"]
[SourceQuality "1"]

1. e4 c5 2. Nf3 e6 3. d4 cxd4 4. Nxd4 a6 5. Nc3 Qc7 6. g3 Bb4 7. Nde2 Nf6 8. Bg2 d6 9. 0-0 0-0 10. a3 Bc5 11. b3 e5 12. h3 Be6 13. Kh2 Nc6 14. Bg5 Ne8 15. Qd2 Rc8 16. Be3 Nd4 1/2-1/2